LEADER 01250nam a2200313 a 4500 001 000000140073 003 CaOOAMICUS 005 20141020101349.0 008 141020s1971 it u000 u ita r 040 $aPUL$bita 041 1 $aita$alat$hlat 082 04$a239 100 1 $aMinucius Felix, Marcus,$dc. 150-250.$0(OLS)http://pul/name/4009 245 10$aOttavio /$cMinucio Felice ; a cura di Ettore Paratore. 260 $aBari :$bG. Laterza & figli,$c1971. 300 $aVI, 210 p. ;$c21 cm 490 1 $aPiccola biblioteca filosofica 546 $aTesto latino alle p. 83-125. 650 4$aApologetica$ySec. II-III.$0(OLS)http://pul/subject/40795 700 1 $aParatore, Ettore,$d1907-2000.$0(OLS)http://pul/name/16842 830 0$aPiccola biblioteca filosofica Laterza.$0(OLS)http://pul/title/5082 850 $aPUL 852 $aPUL$W1$xDP2 Religione 3$y114$m239 MINFE 1$j161809$qDDC 21$B161252$CPULBib$Z2$F161252 $H124768 $82 900 $aMinucio Felice, Marco,$dc. 150-250$94009 941 1 $a9 996 $6082$a239$9(OLS)http://pul/classification/1845 996 $6245$aOttavio$9(OLS)http://pul/title/20321 996 $6260$aBari :$bG. Laterza & figli$9(OLS)http://pul/publisher/48969 LEADER 02656nam a2200349 a 4500 001 000000123842 003 CaOOAMICUS 005 20110325124750.0 008 101129t2010 it u000 u ita r 040 $aPUL$bita 041 1 $aita$heng 082 04$a026 245 00$aBabele Bibbia e Corano dal testo al contesto :$bdalle culture ai libri di culto: funzioni moderne delle biblioteche nelle tradizioni religiose delle civiltà del Mediterraneo : Milano, Biblioteca Ambrosiana - Sala Accademie, August 24th, 2009 = Babel Bible and Kor'an from texts to contexts : from cultures to sacred books: modern functions of libraries in the religious traditions of Mediterranean civilizations /$cproceedings edited by Silvano Danieli and Mauro Guerrini. 246 31$aBabel Bible and Kor'an from texts to contexts :$bfrom cultures to sacred books: modern functions of libraries in the religious traditions of Mediterranean civilizations 260 $aRoma :$b[s.n.],$c2010. 300 $a295 p. ;$c21 cm 500 $aPubblicato in occasione del 75. Congresso IFLA tenuto a Milano nel 2009. 546 $aTesto anche in inglese. 650 4$aBiblioteconomia$xCongressi.$0(OLS)http://pul/subject/26032 650 4$aBiblioteche religiose.$0(OLS)http://pul/subject/37366 700 1 $aGuerrini, Mauro,$d1953-$0(OLS)http://pul/name/30653 700 1 $aDanieli, Silvano M.,$csacerdote,$d1949-$0(OLS)http://pul/name/71471 711 2 $aAtti della Offsite session religious libraries$c(Milano :$d2009).$0(OLS)http://pul/name/78095 711 2 $aProceedings of the Offsite session religious libraries$c(Milano :$d2009).$0(OLS)http://pul/name/78096 850 $aPUL 852 $aPUL$W1$xSL Cons. Gen., Altre Classi 3$y75$m026 DANSI 1$j142666$qDDC 21$B141636$CPULBib$Z2$F141636 $H115208 $82 941 1 $a9 996 $6082$a026$9(OLS)http://pul/classification/1779 996 $6246$aBabel Bible and Kor'an from texts to contexts :$bfrom cultures to sacred books: modern functions of libraries in the religious traditions of Mediterranean civilizations$9(OLS)http://pul/title/156106 996 $6245$aBabele Bibbia e Corano dal testo al contesto :$bdalle culture ai libri di culto: funzioni moderne delle biblioteche nelle tradizioni religiose delle civiltà del Mediterraneo : Milano, Biblioteca Ambrosiana - Sala Accademie, August 24th, 2009 = Babel Bible and Kor'an from texts to contexts : from cultures to sacred books: modern functions of libraries in the religious traditions of Mediterranean civilizations$9(OLS)http://pul/title/156105 996 $6260$aRoma :$b[s.n.]$9(OLS)http://pul/publisher/47958